|
|
|
|
| LEADER |
00000cam a2200000 a 4500 |
| 001 |
101994 |
| 005 |
20230308165942.0 |
| 008 |
000000|1986 ||||||||r|||||||||||spa|| |
| 040 |
|
|
|b spa
|
| 082 |
0 |
|
|a 361.3
|
| 100 |
1 |
|
|a Alayón, Norberto.
|d 1945-
|9 54531
|
| 245 |
1 |
1 |
|a Reflexiones sobre trabajo social
|c Norberto Alayón
|h imp
|
| 264 |
|
|
|a Buenos Aires
|b Humanitas
|c 1986
|
| 300 |
|
|
|a 71 páginas:
|
| 650 |
1 |
|
|a Trabajo social
|9 112
|
| 650 |
1 |
|
|a Servicio social
|9 54519
|
| 650 |
1 |
|
|a Bienestar social
|9 11665
|
| 852 |
|
|
|a UC-CDJBV
|c PRIMER PISO
|f Compra
|k sara.alvarado
|l 1
|m General
|p 00000000
|r 2
|t 101994
|b 0
|d CDRC
|e CDRC
|g 361.3 PRIMER PISO
|z 0000-00-00
|
| 942 |
|
|
|c BK
|0 1
|
| 999 |
|
|
|c 30586
|d 30586
|